[Event "Senta-ch"]
[Site "Senta"]
[Date "2017.01.22"]
[Round "3"]
[White "Pilisi, Lukacs"]
[Black "Barta, Aron"]
[Result "1-0"]
[WhiteElo "1807"]
[BlackElo "1624"]
[PlyCount "109"]
[EventDate "2017.01.20"]
[EventType "swiss"]
[EventRounds "9"]
[EventCountry "SRB"]
[SourceTitle "EXT 2018"]
[Source "ChessBase"]
[SourceDate "2017.10.13"]
[SourceVersion "1"]
[SourceVersionDate "2017.10.13"]
[SourceQuality "1"]

1. c4 e5 2. d3 d6 3. g3 Nc6 4. Bg2 Bd7 5. Nc3 Nf6 6. Nf3 Be7 7. Rb1 Rb8 8. Bd2 0-0 9. 0-0 a6 10. a3 Re8 11. b4 Na7 12. Be3 Nc8 13. b5 axb5 14. cxb5 Bf8 15. a4 Ne7 16. Ng5 h6 17. Nge4 Nfd5 18. Bd2 f5 19. Nxd5 Nxd5 20. Nc3 Nxc3 21. Bxc3 Be6 22. Qc2 Be7 23. Bd2 Qd7 24. Rbc1 Rec8 25. Ba5 b6 26. Bd2 Bf6 27. e3 Qf7 28. Rb1 Ba2 29. Rb2 Bd5 30. Rbb1 Ba2 31. Rb2 Bd5 32. Rc1 Bxg2 33. Kxg2 Qd5+ 34. Kg1 Ra8 35. Qc4 Qxc4 36. Rxc4 d5 37. Rc6 Rxa4 38. Rbc2 Ra7 39. Rxb6 cxb6 40. Rxc8+ Kf7 41. Kf1 Ke7 42. Rb8 Kd6 43. Rxb6+ Kc5 44. Rb8 e4 45. d4+ Kd6 46. Rb6+ Kc7 47. Rc6+ Kd7 48. Bb4 Be7 49. Bc5 Rb7 50. Bxe7 Kxe7 51. b6 Kd7 52. Rg6 Ke8 53. h4 Kf7 54. Rd6 g6 55. Rc6 1-0

[Event "HUN-chT2 Toth 1213"]
[Site "Hungary"]
[Date "2013.03.24"]
[Round "9.8"]
[White "Hegedus, Matyas"]
[Black "Pilisi, Lukacs"]
[Result "1/2-1/2"]
[WhiteElo "1881"]
[BlackElo "1882"]
[PlyCount "109"]
[EventDate "2012.09.16"]
[EventType "team-tourn"]
[EventRounds "11"]
[EventCountry "HUN"]
[SourceTitle "EXT 2014"]
[Source "ChessBase"]
[SourceDate "2013.11.20"]
[SourceVersion "1"]
[SourceVersionDate "2013.11.20"]
[SourceQuality "1"]
[WhiteTeam "Mezobereny"]
[BlackTeam "Felegyhaza Csongrad"]
[WhiteTeamCountry "HUN"]
[BlackTeamCountry "HUN"]

1. e4 c5 2. Bc4 d6 3. Nc3 Nc6 4. h3 g6 5. Nf3 Bg7 6. a4 a6 7. 0-0 Nf6 8. d3 0-0 9. Bf4 e6 10. Qd2 Nh5 11. Bh6 Rb8 12. g4 Nf6 13. Bg5 Qc7 14. Bf4 Nd7 15. Ba2 Nde5 16. Nh2 b5 17. Bg3 Nd4 18. f4 Nd7 19. Rab1 c4 20. Bf2 b4 21. Bxc4 bxc3 22. bxc3 Nc6 23. Bb3 Na5 24. c4 Nc5 25. Bxc5 Qxc5+ 26. Kg2 f5 27. exf5 exf5 28. Kg3 Bd7 29. Nf3 Nc6 30. c3 Na5 31. Ba2 Qc7 32. c5+ Kh8 33. Ng5 Bf6 34. cxd6 Qa7 35. Nf7+ Kg7 36. Ne5 fxg4 37. hxg4 Bxa4 38. Rxb8 Qxb8 39. c4 Bxe5 40. Qxa5 Bxd6 41. Qxa4 Bxf4+ 42. Kh3 Qd6 43. Qb3 h5 44. Qb7+ Rf7 45. Qd5 hxg4+ 46. Kxg4 g5 47. Qxd6 Bxd6 48. Rxf7+ Kxf7 49. c5+ Ke7 50. cxd6+ Kxd6 51. d4 a5 52. Kxg5 Ke7 53. Kf5 Kd6 54. Kf6 Kd7 55. Ke5 1/2-1/2

[Event "Lakitelek Magyarok op"]
[Site "Lakitelek"]
[Date "2011.08.10"]
[Round "6"]
[White "Pilisi, Lukacs"]
[Black "Kormanyos, Akos"]
[Result "1/2-1/2"]
[WhiteElo "1960"]
[BlackElo "1687"]
[PlyCount "43"]
[EventDate "2011.08.06"]
[EventType "swiss"]
[EventRounds "9"]
[EventCountry "HUN"]
[SourceTitle "CBM 144 Extra"]
[Source "ChessBase"]
[SourceDate "2011.10.28"]
[SourceVersion "1"]
[SourceVersionDate "2011.10.28"]
[SourceQuality "1"]

1. c4 e5 2. Nc3 Nc6 3. g3 g6 4. Bg2 Bg7 5. d3 d6 6. Nf3 f5 7. e3 Nf6 8. 0-0 0-0 9. a3 a5 10. Bd2 Be6 11. Ng5 Bd7 12. Nd5 Kh8 13. Rb1 Nxd5 14. cxd5 Qxg5 15. dxc6 Bxc6 16. Bxc6 bxc6 17. Qa4 c5 18. Bxa5 f4 19. e4 fxg3 20. hxg3 Rf3 21. Kg2 Qg4 22. b4 1/2-1/2

[Event "Lakitelek Magyarok op"]
[Site "Lakitelek"]
[Date "2011.08.07"]
[Round "2"]
[White "Varadi, Laszlo"]
[Black "Pilisi, Lukacs"]
[Result "1-0"]
[WhiteElo "2149"]
[BlackElo "1960"]
[PlyCount "61"]
[EventDate "2011.08.06"]
[EventType "swiss"]
[EventRounds "9"]
[EventCountry "HUN"]
[SourceTitle "CBM 144 Extra"]
[Source "ChessBase"]
[SourceDate "2011.10.28"]
[SourceVersion "1"]
[SourceVersionDate "2011.10.28"]
[SourceQuality "1"]

1. e4 c5 2. c3 Nc6 3. d4 cxd4 4. cxd4 d6 5. h3 Nf6 6. Nc3 g6 7. Nf3 Bg7 8. Be3 0-0 9. Rc1 Bd7 10. Bd3 a6 11. 0-0 Rc8 12. Qd2 Nb4 13. Bb1 Nc6 14. Rfd1 Ne8 15. Bh6 Nf6 16. Bxg7 Kxg7 17. e5 Ne8 18. Qe3 Nc7 19. a3 Qe8 20. Ba2 dxe5 21. Nxe5 Nxe5 22. Qxe5+ f6 23. Qe3 e6 24. Re1 Qe7 25. Rcd1 Qd6 26. d5 e5 27. Ne4 Qe7 28. d6 Qd8 29. dxc7 Qxc7 30. Qc3 Bc6 31. Nc5 1-0

[Event "Lakitelek Magyarok op"]
[Site "Lakitelek"]
[Date "2011.08.06"]
[Round "1"]
[White "Pilisi, Lukacs"]
[Black "Meszaros, Edmond Vilmos"]
[Result "1-0"]
[WhiteElo "1960"]
[BlackElo "1664"]
[PlyCount "79"]
[EventDate "2011.08.06"]
[EventType "swiss"]
[EventRounds "9"]
[EventCountry "HUN"]
[SourceTitle "CBM 144 Extra"]
[Source "ChessBase"]
[SourceDate "2011.10.28"]
[SourceVersion "1"]
[SourceVersionDate "2011.10.28"]
[SourceQuality "1"]

1. c4 e6 2. Nf3 d5 3. cxd5 exd5 4. d3 Nf6 5. g3 g6 6. Bg2 Bg7 7. 0-0 0-0 8. Nc3 Nc6 9. Bf4 Be6 10. Qd2 Qd7 11. Bh6 Bh3 12. Bxg7 Kxg7 13. Rfe1 Bxg2 14. Kxg2 Rad8 15. Rac1 Rfe8 16. Nb5 a6 17. Nbd4 Nxd4 18. Nxd4 c6 19. b4 Ng8 20. Qb2 f6 21. a4 Rc8 22. Rc2 Qd6 23. e3 b5 24. Rec1 Ne7 25. Rc5 Qe5 26. Qb3 Qd6 27. Qb2 Qe5 28. axb5 cxb5 29. Qa3 Qd6 30. h4 Qb6 31. Qa2 Qb7 32. Ne6+ Kh6 33. Qd2 Rg8 34. e4+ g5 35. hxg5+ fxg5 36. Rh1+ Kg6 37. Qxg5+ Kf7 38. Qe5 Ke8 39. Rxh7 Kd7 40. Rxd5+ 1-0

[Event "Senta op-B 14th"]
[Site "Senta"]
[Date "2010.07.24"]
[Round "9"]
[White "Bujic, Csaba"]
[Black "Pilisi, Lukacs"]
[Result "0-1"]
[WhiteElo "1902"]
[BlackElo "1990"]
[PlyCount "148"]
[EventDate "2010.07.17"]
[EventType "swiss"]
[EventRounds "9"]
[EventCountry "YUG"]
[SourceTitle "EXT 2011"]
[Source "ChessBase"]
[SourceDate "2010.11.26"]
[SourceVersion "1"]
[SourceVersionDate "2010.11.26"]
[SourceQuality "1"]

1. e4 c5 2. c3 d6 3. d4 cxd4 4. cxd4 g6 5. Nf3 Bg7 6. Nc3 Nc6 7. h3 Nf6 8. a3 a6 9. Be3 0-0 10. Bc4 Bd7 11. 0-0 Na5 12. Ba2 Rc8 13. Qd3 Qb6 14. b4 Qc7 15. Nd5 Nxd5 16. exd5 Bb5 17. Qe4 Bxf1 18. Rxf1 Nc4 19. Rc1 b5 20. a4 Qd7 21. Bxc4 bxc4 22. Ra1 Bf6 23. Ne1 c3 24. Nc2 Qc7 25. g4 Qd7 26. f4 e6 27. Qd3 Qb7 28. dxe6 fxe6 29. Rf1 Bg7 30. Rf2 Qc6 31. b5 axb5 32. axb5 Qa8 33. Nb4 c2 34. Nxc2 Qa5 35. Qb3 d5 36. Bd2 Qb6 37. Kg2 Bxd4 38. Nxd4 Qxd4 39. b6 Rb8 40. Be3 Qe4+ 41. Kg3 d4 42. Bc1 Qd5 43. Qxd5 exd5 44. Rd2 Rxb6 45. Rxd4 Rd8 46. Bd2 Rc6 47. h4 Rd7 48. h5 gxh5 49. g5 Kg7 50. f5 Kf7 51. Rh4 d4 52. Rxh5 Kg8 53. Rh1 d3 54. Ra1 Rd8 55. Kg4 Rc2 56. Bf4 d2 57. Rd1 Rd5 58. Kg3 Rxf5 59. Rxd2 Rxd2 60. Bxd2 Kg7 61. Kg4 Kg6 62. Bc1 Rc5 63. Bd2 Rc4+ 64. Kh3 Kf5 65. Kg3 Rd4 66. Bc1 Rd3+ 67. Kh4 Rd1 68. Be3 Ke4 69. Ba7 Kf3 70. g6 hxg6 71. Kg5 Rd6 72. Bg1 Ke4 73. Bh2 Re6 74. Bb8 Kd5 0-1

[Event "Senta January op"]
[Site "Senta"]
[Date "2010.02.06"]
[Round "8"]
[White "Kovacs, Attila2222"]
[Black "Pilisi, Lukacs"]
[Result "1/2-1/2"]
[WhiteElo "1827"]
[BlackElo "2019"]
[PlyCount "53"]
[EventDate "2010.01.22"]
[EventType "swiss"]
[EventRounds "9"]
[EventCountry "YUG"]
[SourceTitle "EXT 2011"]
[Source "ChessBase"]
[SourceDate "2010.11.26"]
[SourceVersion "1"]
[SourceVersionDate "2010.11.26"]
[SourceQuality "1"]

1. c4 c5 2. Nf3 Nc6 3. b3 Nf6 4. Bb2 g6 5. g3 Bg7 6. Bg2 0-0 7. 0-0 d6 8. d3 e5 9. e4 Bg4 10. h3 Bd7 11. Nc3 a6 12. a3 Rb8 13. Rb1 Qc8 14. Kh2 b5 15. Nd5 Nxd5 16. cxd5 Nd4 17. Nxd4 exd4 18. Rc1 b4 19. a4 a5 20. Rc2 f5 21. f3 Qd8 22. Bc1 Bc8 23. Rff2 Qe7 24. Rce2 Qc7 25. Bf4 Ba6 26. Rc2 Rbc8 27. Bf1 1/2-1/2

[Event "Senta January op"]
[Site "Senta"]
[Date "2010.02.01"]
[Round "6"]
[White "Toth, Pal Gabor"]
[Black "Pilisi, Lukacs"]
[Result "1/2-1/2"]
[WhiteElo "1799"]
[BlackElo "2019"]
[PlyCount "34"]
[EventDate "2010.01.22"]
[EventType "swiss"]
[EventRounds "9"]
[EventCountry "YUG"]
[SourceTitle "EXT 2011"]
[Source "ChessBase"]
[SourceDate "2010.11.26"]
[SourceVersion "1"]
[SourceVersionDate "2010.11.26"]
[SourceQuality "1"]

1. e4 c5 2. Nf3 d6 3. d4 cxd4 4. Nxd4 Nc6 5. Nc3 g6 6. Be3 Bg7 7. Qd2 Nf6 8. f3 0-0 9. Bc4 Nxd4 10. Bxd4 a6 11. 0-0-0 Be6 12. Nd5 Bxd5 13. Bxf6 Bxc4 14. Bxg7 Kxg7 15. Qd4+ Kg8 16. Qxc4 Rc8 17. Qb3 Qc7 1/2-1/2